Ecological research.

Bibliographic Details
Previous Title:Japanese journal of ecology
Corporate Author: Nihon Seitai Gakkai
Format: Journal
Language:English
Published: Iboraki, Japan : Ecological Society of Japan, 1986-
Subjects:
Online Availability: Check for online availability

MARC

Tag First Indicator Second Indicator Subfields
LEADER 00000cas a2200000 a 4500
001 in00000577508
005 20151014073457.0
008 860909c19869999ja tr p 0uuua0eng d
010 |a sn 86022970  
022 |a 0912-3814 
030 |a ECRSEX 
035 |a (OCoLC)14198895 
035 |9 ACP4539AM 
037 |b Business Center of Academic Societies Japan, 4-16, Yayoi 2-chomel Bunkyo-ku, Tokyo, 113 Japan 
040 |a HUH  |c HUH  |d HUL  |d NSD  |d TXA  |d UtOrBLW 
042 |a lcd 
043 |a a-ja--- 
049 |a TXAe 
090 |a QH540  |b .J32 
245 0 0 |a Ecological research. 
264 1 |a Iboraki, Japan :  |b Ecological Society of Japan,  |c 1986- 
300 |a volumes :  |b illustrations ;  |c 26 cm. 
310 |a Three times a year 
336 |a text  |b txt  |2 rdacontent 
337 |a unmediated  |b n  |2 rdamedia 
338 |a volume  |b nc  |2 rdacarrier 
362 0 |a Vol. 1, no. 1 (Apr. 1986)- 
500 |a Title from cover. 
510 2 |a Chemical abstracts  |x 0009-2258  |b 1986- 
650 0 |a Ecology  |v Periodicals. 
710 2 |a Nihon Seitai Gakkai. 
780 0 1 |t Japanese journal of ecology  |x 0021-5007  |w (DLC)sn 84001640  |w (OCoLC)10388434 
776 0 |t Ecological research (Online)  |w (OCoLC)ocm42256925 
948 |a MFHD URL added  |b h  |c 2002/8/13  |d c  |e bstringf  |f 1:25:48 pm 
999 |a MARS 
999 f f |s 8e16bf24-6383-313a-bb7b-8111a92439bb  |i 6275621f-fd53-3d24-8b4f-8689bafc830d  |t 0 
952 f f |p ric  |a Texas A&M University  |b Rellis Campus  |c Joint Library Facility  |d Remote Storage  |t 0  |e QH540 .J32  |h Library of Congress classification  |i unmediated -- volume  |k v.11  |l 1996  |m A14822125467 
952 f f |p ric  |a Texas A&M University  |b Rellis Campus  |c Joint Library Facility  |d Remote Storage  |t 0  |e QH540 .J32  |h Library of Congress classification  |i unmediated -- volume  |k v.16:no.3-4  |l 2001:Sept.-Dec.  |m A14830349318 
952 f f |p ric  |a Texas A&M University  |b Rellis Campus  |c Joint Library Facility  |d Remote Storage  |t 0  |e QH540 .J32  |h Library of Congress classification  |i unmediated -- volume  |k v.8  |l 1993  |m A14818382895 
952 f f |p ric  |a Texas A&M University  |b Rellis Campus  |c Joint Library Facility  |d Remote Storage  |t 0  |e QH540 .J32  |h Library of Congress classification  |i unmediated -- volume  |k v.4  |l 1989  |m A14812873636 
952 f f |p ric  |a Texas A&M University  |b Rellis Campus  |c Joint Library Facility  |d Remote Storage  |t 0  |e QH540 .J32  |h Library of Congress classification  |i unmediated -- volume  |k v.17:no.4-6  |l 2002:July-Nov.  |m A14830349075 
952 f f |p ric  |a Texas A&M University  |b Rellis Campus  |c Joint Library Facility  |d Remote Storage  |t 0  |e QH540 .J32  |h Library of Congress classification  |i unmediated -- volume  |k v.5  |l 1990  |m A14815309929 
952 f f |p ric  |a Texas A&M University  |b Rellis Campus  |c Joint Library Facility  |d Remote Storage  |t 0  |e QH540 .J32  |h Library of Congress classification  |i unmediated -- volume  |k v.16:no.1-2  |l 2001:Mar.-June  |m A14830349156 
952 f f |p ric  |a Texas A&M University  |b Rellis Campus  |c Joint Library Facility  |d Remote Storage  |t 0  |e QH540 .J32  |h Library of Congress classification  |i unmediated -- volume  |k v.12  |l 1997  |m A14823755037 
952 f f |p ric  |a Texas A&M University  |b Rellis Campus  |c Joint Library Facility  |d Remote Storage  |t 0  |e QH540 .J32  |h Library of Congress classification  |i unmediated -- volume  |k v.16:no.5  |l 2001:Dec.  |m A14830349350 
952 f f |p ric  |a Texas A&M University  |b Rellis Campus  |c Joint Library Facility  |d Remote Storage  |t 0  |e QH540 .J32  |h Library of Congress classification  |i unmediated -- volume  |k v.18:no.1-3  |l 2003:Jan.-May  |m A14831817380 
952 f f |p ric  |a Texas A&M University  |b Rellis Campus  |c Joint Library Facility  |d Remote Storage  |t 0  |e QH540 .J32  |h Library of Congress classification  |i unmediated -- volume  |k v.18:no.4-6  |l 2003:July-Nov.  |m A14831817186 
952 f f |p ric  |a Texas A&M University  |b Rellis Campus  |c Joint Library Facility  |d Remote Storage  |t 0  |e QH540 .J32  |h Library of Congress classification  |i unmediated -- volume  |k v.1  |l 1986  |m A14818710755 
952 f f |p ric  |a Texas A&M University  |b Rellis Campus  |c Joint Library Facility  |d Remote Storage  |t 0  |e QH540 .J32  |h Library of Congress classification  |i unmediated -- volume  |k v.3  |l 1988  |m A14812054711 
952 f f |p ric  |a Texas A&M University  |b Rellis Campus  |c Joint Library Facility  |d Remote Storage  |t 0  |e QH540 .J32  |h Library of Congress classification  |i unmediated -- volume  |k v.9  |l 1994  |m A14819045941 
952 f f |p ric  |a Texas A&M University  |b Rellis Campus  |c Joint Library Facility  |d Remote Storage  |t 0  |e QH540 .J32  |h Library of Congress classification  |i unmediated -- volume  |k v.14  |l 1999  |m A14826827029 
952 f f |p ric  |a Texas A&M University  |b Rellis Campus  |c Joint Library Facility  |d Remote Storage  |t 0  |e QH540 .J32  |h Library of Congress classification  |i unmediated -- volume  |k v.13  |l 1998  |m A14824038608 
952 f f |p ric  |a Texas A&M University  |b Rellis Campus  |c Joint Library Facility  |d Remote Storage  |t 0  |e QH540 .J32  |h Library of Congress classification  |i unmediated -- volume  |k v.6  |l 1991  |m A14816051537 
952 f f |p ric  |a Texas A&M University  |b Rellis Campus  |c Joint Library Facility  |d Remote Storage  |t 0  |e QH540 .J32  |h Library of Congress classification  |i unmediated -- volume  |k v.2  |l 1987  |m A14811643672 
952 f f |p ric  |a Texas A&M University  |b Rellis Campus  |c Joint Library Facility  |d Remote Storage  |t 0  |e QH540 .J32  |h Library of Congress classification  |i unmediated -- volume  |k v.10  |l 1995  |m A14820588936 
952 f f |p ric  |a Texas A&M University  |b Rellis Campus  |c Joint Library Facility  |d Remote Storage  |t 0  |e QH540 .J32  |h Library of Congress classification  |i unmediated -- volume  |k v.7  |l 1992  |m A14817012748 
952 f f |p ric  |a Texas A&M University  |b Rellis Campus  |c Joint Library Facility  |d Remote Storage  |t 0  |e QH540 .J32  |h Library of Congress classification  |i unmediated -- volume  |k v.17:no.1-3  |l 2002:Jan.-May  |m A14830349114 
952 f f |p ric  |a Texas A&M University  |b Rellis Campus  |c Joint Library Facility  |d Remote Storage  |t 0  |e QH540 .J32  |h Library of Congress classification  |i unmediated -- volume  |k v.15  |l 2000  |m A14829246523 
998 f f |a QH540 .J32  |s v.2-18 (1987-2003)  |t 0  |l Remote Storage